000
00333 a2200157 4500
001
62243
020
_a
9788501089694
040
_c
Anchieta - Pituba
100
_a
Ziegesar, Cecily von
240
1
0
_a
Gossip girl, v. 13
_l
por
245
1
0
_a
Gossip girl, v. 13
300
_a
286
362
0
_a
2011
650
4
_a
Romance
942
_c
BK
999
_c
62243
_d
62243